Statistics for 100 Best Selling UK 80s Songs

Click here to take the quiz!

General Stats

  • This quiz has been taken 763 times
    (751 since last reset)
  • The average score is 51 of 100

Answer Stats

Song Artist? % Correct
Like a VirginMadonna
91%
Billie JeanMichael Jackson
90%
Karma ChameleonCulture Club
89%
ImagineJohn Lennon
89%
Uptown GirlBilly Joel
87%
Careless WhisperGeorge Michael
87%
RelaxFrankie Goes To Hollywood
86%
Last XmasWham
86%
Take On MeA-Ha
84%
Wake me Up b4 u go goWham
83%
Never Gonna Give You UpRick Astley
82%
Tainted LoveSoft Cell
82%
Red Red WineUB40
82%
Do They Know Its XmasBand Aid
81%
Total Eclipse Of The HeartBonnie Tyler
80%
Let's DanceDavid Bowie
80%
I Just Called To Say I Love YouStevie Wonder
80%
Come on EileenDexy's Midnight Runners
80%
Eye of the TigerSurvivor
79%
I Wanna dance with SomebodyWhitney Houston
78%
Do You Really Want to Hurt MeCulture Club
76%
Super TrouperABBA
75%
HelloLionel Richie
75%
Dont You Want MeThe Human League
73%
Dont Stand so close to MeThe Police
73%
The Tide is HighBlondie
71%
Down UnderMen at Work
70%
TrueSpandau Ballet
69%
Ebony & IvoryPaul M & Stevie Wonder
67%
Two TribesFrankie Goes To Hollywood
65%
Into the GrooveMadonna
65%
Dancing in the StreetDavid Bowie & Mick Jagger
65%
All Night LongLionel Richie
64%
Ashes to AshesDavid Bowie
64%
I Should be so LuckyKylie Minogue
63%
Ant MusicAdam and the Ants
62%
Stand & DeliverAdam and the Ants
62%
ViennaUltravox
60%
Baggy TrousersMadness
59%
I Want To Know What Love IsForeigner
58%
Mistletoe and WineCliff Richard
58%
Blue MondayNew Order
57%
Lady in RedChris de Burgh
56%
Prince CharmingAdam and the Ants
56%
Nothing's Gonna Stop us nowStarship
55%
Chain ReactionDiana Ross
54%
FameIrene Cara
54%
A Town called MaliceThe Jam
53%
Especially for YouKylie & Jason
53%
When The Going Gets ToughBilly Ocean
53%
GhostbustersRay Parker Jnr
52%
Making your Mind UpBucks Fizz
51%
FreedomWham
51%
Living DollCliff Richard & The Young Ones
48%
WomanJohn Lennon
48%
This Ole HouseShakin' Stevens
46%
The Power of LoveJennifer Rush
45%
Golden BrownThe Stranglers
45%
Ghost TownThe Specials
43%
The Only way is UpYazz & The Plastic Population
42%
Love of the Common PeoplePaul Young
42%
I Know Him so wellElaine Paige & B Dickson
42%
Pass the DutchieMusical Youth
41%
GenoDexy's Midnight Runners
40%
9 to 5 Morning TrainSheena Easton
40%
Ride on TimeBlack Box
40%
AgadooBlack Lace
40%
A Good HeartFeargal Sharkey
38%
The Land of Make BelieveBucks Fizz
38%
Dont leave me this wayCommunards
38%
19Paul Hardcastle
38%
Woman in LoveBarbra Streisand
37%
Coward of the CountyKenny Rogers
36%
Just Like Starting OverJohn Lennon
35%
Shaddup Your FaceJoe Dolce Music Theatre
34%
We all Stand togetherPaul M & the Frog Chorus
34%
I Feel For youChaka Khan
33%
Reet PetiteJackie Wilsin
33%
I Dont want to danceEddy Grant
32%
The Lion Sleeps TonightTight Fit
32%
FrankieSister Sledge
29%
Love and PrideKing
27%
Every Loser WinsNick Berry
27%
One Day in your LifeMichael Jackson
26%
Happy BirthdayAltered Images
25%
Only YouThe Flying Pickets
25%
Swing the MoodJive Bunny & The Mastermixers
23%
D.I.S.C.O.Ottawan
20%
Move CloserPhyllis Nelson
17%
The Birdie SongThe Tweets
17%
Feels Like I'm In LoveKelly Marie
16%
Being With YouSmokey Robinson
15%
Seven TearsGoombay Dance Band
14%
You Drive Me CrazyShakin' Stevens
14%
Working My Way Back To YouThe Detroit Spinners
10%
Hands UpOttawan
9%
Together we are BeautifulFern Kinney
9%
I Want To Wake Up With YouBoris Gardiner
9%
Save Your LoveRenee & Renato
7%
Its my PartyDavid Stewart & Barbara Gaskin
3%

Score Distribution

Percentile by Number Answered

Percent of People with Each Score

Your Score History

You have not taken this quiz since the last reset